000 01015cam a22002774a 4500
001 13670528
003 OSt
005 20260113072230.0
008 040729s2005 nyu b 000 0 eng
020 _a0195167643
040 _c.
042 _apcc
082 0 0 _a305.3 ZIN
245 0 0 _aGender through the prism of difference /
_cedited by Maxine Baca Zinn, Pierrette Hondagneu-Sotelo, Michael A. Messner.
250 _a3rd ed.
260 _aNew York :
_bOxford University Press,
_cc2005.
300 _ax, 559 p. :
_c24 cm.
650 0 _aSex role.
700 1 _aZinn, Maxine Baca,
_d1942-
700 1 _aHondagneu-Sotelo, Pierrette.
700 1 _aMessner, Michael A.
856 4 1 _3Table of contents
_uhttp://www.loc.gov/catdir/toc/fy053/2004057573.html
942 _2ddc
_cBK
999 _c34563
_d34563